Microeconomic theory (Registro nro. 593)
[ vista simple ]
| 000 -LEADER | |
|---|---|
| fixed length control field | 01523 a2200241 4500 |
| 001 - CONTROL NUMBER | |
| control field | 14652 |
| 005 - DATE AND TIME OF LATEST TRANSACTION | |
| control field | 20260407155448.0 |
| 008 - FIXED-LENGTH DATA ELEMENTS--GENERAL INFORMATION | |
| fixed length control field | 260407a1995 arg spa d |
| 003 - CONTROL NUMBER IDENTIFIER | |
| control field | AR-UNSa-BCEJYS |
| 040 ## - CATALOGING SOURCE | |
| Original cataloging agency | AR-UNSa-BCEJYS |
| Language of cataloging | spa |
| Transcribing agency | AR-UNSa-BCEJYS |
| 080 ## - UNIVERSAL DECIMAL CLASSIFICATION NUMBER | |
| Universal Decimal Classification number | 330.101.542 |
| Common auxiliary subdivision | Microeconomía |
| 020 ## - INTERNATIONAL STANDARD BOOK NUMBER | |
| International Standard Book Number | 978-0-19-507340-9 |
| 100 1# - MAIN ENTRY--PERSONAL NAME | |
| Personal name | Mas-Colell, Andreu |
| 245 10 - TITLE STATEMENT | |
| Title | Microeconomic theory |
| 264 #1 - PRODUCTION, PUBLICATION, DISTRIBUTION, MANUFACTURE, AND COPYRIGHT NOTICE | |
| Place of production, publication, distribution, manufacture | New York : |
| Name of producer, publisher, distributor, manufacturer | Oxford University Press |
| Date of production, publication, distribution, manufacture, or copyright notice | 1995 |
| 300 ## - PHYSICAL DESCRIPTION | |
| Extent | xvii, 981 p. |
| Dimensions | 26 cm. |
| 505 ## - FORMATTED CONTENTS NOTE | |
| Formatted contents note | 1. Preference and choice - 2. Consumer choice - 3. Classical demand theory - 4. Aggregate demand - 5. Production - 6. Choice under uncertainty - 7. Basic elements of noncooperative games - 8. Simultaneous-move games - 9. Dynamic games - 10. Competitive markets - 11. Externalities and public goods - 12. Market power - 13. Adverce selection, signaling, and screening - 14. The principal-agent problem - 15. General equilibrium theory: some examples - 16. Equilibrium and Its basic welfare properties - 17. The positive theory of equilibrium - 18. Some fundations for competitive equilibria - 19. General equilibrium under uncertainty - 20. Equilibrium and time - 21. Social choice theory - 22. Elements of welfare economics and axiomatic bargaining - 23. Incentives and mechanism design |
| 590 ## - LOCAL NOTE (RLIN) | |
| Local note | niveau_biblio:m niveau_hierar:0 |
| 700 1# - ADDED ENTRY--PERSONAL NAME | |
| Personal name | Whinston, Michael D. |
| 700 1# - ADDED ENTRY--PERSONAL NAME | |
| Personal name | Green, Jerry R. |
| 856 41 - ELECTRONIC LOCATION AND ACCESS | |
| Uniform Resource Identifier | <a href="https://www.biblioeco.unsa.edu.ar/pmb/images/libros/14652.jpg">https://www.biblioeco.unsa.edu.ar/pmb/images/libros/14652.jpg</a> |
| Link text | Imagen de portada |
| Electronic format type | image/jpeg |
| 942 ## - ADDED ENTRY ELEMENTS (KOHA) | |
| Koha item type | |
| Withdrawn status | Lost status | Damaged status | Not for loan | Home library | Current library | Shelving location | Date acquired | Total checkouts | Full call number | Barcode | Date last seen | Price effective from | Koha item type |
|---|---|---|---|---|---|---|---|---|---|---|---|---|---|
| Biblioteca Prof. Eusebio Cleto del Rey | Biblioteca Prof. Eusebio Cleto del Rey | 07/04/2026 | 330.101.542 M394 | L118979 | 07/04/2026 | 07/04/2026 | Libro | ||||||
| Biblioteca Prof. Eusebio Cleto del Rey | Biblioteca Prof. Eusebio Cleto del Rey | 07/04/2026 | 330.101.542 M394 | L118978 | 07/04/2026 | 07/04/2026 | Libro |